Studia nad autorytaryzmem i totalitaryzmem
| Titel: | Studia nad autorytaryzmem i totalitaryzmem : dawniej Studia nad faszyzmem i zbrodniami hitlerowskimi |
|---|---|
| Veröffentlicht: | Wrocław : Wydawn. Uniwersytetu Wrocławskiego, 2012- |
| Erscheinungsverlauf: | 34.2012 - |
| Umfang: | 24 cm |
| Format: | Zeitschrift, Zeitung |
| Sprache: | Polnisch |
| RVK-Notation: | |
| Frühere/Spätere Titel: | Vorg.: . Studia nad faszyzmem i zbrodniami hitlerowskimi |
| Andere Ausgaben: |
Erscheint auch als Online-Ausgabe: Studia nad autorytaryzmem i totalitaryzmem. - Wrocław : Wydawnictwo Uniwersytetu Wrocławskiego, [2012]-. - Online-Ressource
|
| ISSN: | 2300-7249 ; 2957-2290 |
X
alg: 33207609 001A $06050:01-10-13 001B $06050:04-11-25 $t11:51:25.000 001D $06050:10-10-15 001U $0utf8 001X $00 002@ $0Abvc 002C $aText $btxt $2rdacontent 002D $aohne Hilfsmittel zu benutzen $bn $2rdamedia 002E $aBand $bnc $2rdacarrier 003@ $0332076091 003O $01368768774 $aOCoLC 005A $02300-7249 005P $02957-2290 $So 006U $014,A31 006Z $02735588-3 007A $02735588-3 $aZDB 010@ $apol 011@ $a2012 $n2012- 013D $RPresse $RFortlaufendes Sammelwerk $#Periodicals $#Yearbooks $#Périodiques $#Annuaires $#Publicaciones periódicas $#journals $#Periodical $#Periodicals as Topic $#Zeitschrift $#Zeitschrift $#Periodikum $#Zeitschriften $74067488-5 $8Zeitschrift [Tsz] $9085189774 018@ $0q 021A $aStudia nad autorytaryzmem i totalitaryzmem $ddawniej Studia nad faszyzmem i zbrodniami hitlerowskimi 027A $aActa Universitatis Wratislaviensis / Studia nad autorytaryzmem i totalitaryzmem 031@ $a34.2012 - 031N $d34 $6 $j2012 033A $pWrocław $nWydawn. Uniwersytetu Wrocławskiego 034I $a24 cm 037A $aWeitere Bände zugleich einzelne Bände von: Acta Universitatis Wratislaviensis 039D $aErscheint auch als $8--Obvc--. Studia nad autorytaryzmem i totalitaryzmem. - Wrocław : Wydawnictwo Uniwersytetu Wrocławskiego, [2012]-. - Online-Ressource. - ISSN 2957-2290 $9508943337 $nOnline-Ausgabe 039E $aVorg. $bf $8--Abvc--. Studia nad faszyzmem i zbrodniami hitlerowskimi $9047217456 039S $a34,1=3466; 34,2=3503; 34,3=3504; 34,4=3505; 35,1=3506; 35,2=3522; 35,3=3523; 36,1=3607; 36,2=3625; 36,3=3634; 36,4=3648 von $8--Abvc--Uniwersytet Wrocławski [Tb1]. Acta Universitatis Wratislaviensis $9048642258 044K $qZDB $#Totalitarianism $#Totalitarisme $#Totalitarismo $#Totalitarismo $#Totalitarismus $#Totalitäre Staaten $#Totalitarismus/Totalitäres System $#Totaler Staat $#Totalitärer Staat $74060491-3 $8Totalitarismus [Ts1] $9085167908 044K $qZDB $RFaschismus $RDrittes Reich $#National socialism $#National-socialisme $#Nazionalsocialismo $#Nacionalsocialismo $#National Socialism $#Faschismus $#Nationalsozialismus $#NS $74041316-0 $8Nationalsozialismus [Tsz] $908511314X 044K $qZDB $RNationalsozialismus $#Germany History 1933-1945 $#Politique et gouvernement Allemagne 1933-1945 $#Alemania Historia 1933-1945 $#Drittes Reich $74013021-6 $8Drittes Reich [Ts1] $9085028568 045E $c320 $c943 045F $a943.08605 $eDDC22ger 045F/01 $a943.086 045F/03 $f05 045R $aGeschichte 045T $a7,41 $a8 045U $e940 $e320 045Z $8NQ 1780 [Tkv] $9410911488 lok: 33207609 24 101B $007-11-13 $t07:52:01.000 101C $007-11-13 101U $0utf8 145Z/01 $a14 15 B 145Z/02 $a3 7 N 145Z/03 $a32 7 Nk exp: 33207609 24 1 #EPN 201B/01 $030-10-18 $t11:06:57.000 201C/01 $007-11-13 201U/01 $0utf8 203@/01 $0722679955 208@/01 $a07-11-13 $bp 209A/01 $a32 VII NZ 3 $f050 $h32 7 NZ 3 $x00 209E/01 $a34.2012 - $x02 209E/01 $a[N=2016,3] $x03 209E/01 $aAusl.-Nr.: 539 $x04 220C/01 $aR. - O. - [[ff/T:buwr]] 231@/01 $d34 $6 $j2012 247C/01 $8358050-7Marburg, Bibliothek des Herder-Instituts Marburg $9102600961
| LEADER | 00000cas a2200000 c 4500 | ||
|---|---|---|---|
| 001 | 332076091 | ||
| 003 | DE-603 | ||
| 005 | 20251104115125.0 | ||
| 007 | tu | ||
| 008 | 131001c20129999xx q| p| 0 |1pol c | ||
| 015 | |a 14,A31 |2 dnb | ||
| 016 | 7 | |2 DE-600 |a 2735588-3 | |
| 022 | |a 2300-7249 | ||
| 035 | |a (DE-599)ZDB2735588-3 | ||
| 035 | |a (OCoLC)1368768774 | ||
| 040 | |a DE-603 |b ger |c DE-603 |d DE-603 | ||
| 041 | |a pol | ||
| 082 | 0 | 4 | |8 2\u |a 943.08605 |q DE-101 |2 22/ger |
| 084 | |a 320 |a 943 |q DE-101 |2 sdnb | ||
| 084 | |a 7,41 |a 8 |2 ssgn | ||
| 084 | |a 940 |a 320 |q DE-600 |2 sdnb | ||
| 084 | |a NQ 1780 |0 (DE-625)128177: |0 (DE-603)410911488 |2 rvk | ||
| 085 | |8 2\u |b 943.086 | ||
| 085 | |8 2\u |z 1 |s 05 | ||
| 245 | 0 | 0 | |a Studia nad autorytaryzmem i totalitaryzmem |b dawniej Studia nad faszyzmem i zbrodniami hitlerowskimi |
| 246 | 1 | 3 | |a Acta Universitatis Wratislaviensis / Studia nad autorytaryzmem i totalitaryzmem |
| 264 | 3 | 1 | |a Wrocław |b Wydawn. Uniwersytetu Wrocławskiego |c 2012- |
| 300 | |c 24 cm | ||
| 336 | |a Text |b txt |2 rdacontent | ||
| 337 | |a ohne Hilfsmittel zu benutzen |b n |2 rdamedia | ||
| 338 | |a Band |b nc |2 rdacarrier | ||
| 362 | 0 | |a 34.2012 - | |
| 363 | 0 | 1 | |8 1.1\x |a 34 |i 2012 |
| 500 | |a Weitere Bände zugleich einzelne Bände von: Acta Universitatis Wratislaviensis | ||
| 648 | 7 | |a Geschichte |2 gnd | |
| 650 | 7 | |a Totalitarismus |0 (DE-588)4060491-3 |0 (DE-603)085167908 |2 gnd | |
| 650 | 7 | |a Nationalsozialismus |0 (DE-588)4041316-0 |0 (DE-603)08511314X |2 gnd | |
| 650 | 7 | |a Drittes Reich |0 (DE-588)4013021-6 |0 (DE-603)085028568 |2 gnd | |
| 655 | 7 | |a Zeitschrift |2 gnd-content |0 (DE-588)4067488-5 |0 (DE-603)085189774 | |
| 776 | 0 | 8 | |i Erscheint auch als |n Online-Ausgabe |t Studia nad autorytaryzmem i totalitaryzmem |d Wrocław : Wydawnictwo Uniwersytetu Wrocławskiego, [2012]- |h Online-Ressource |x 2957-2290 |w (DE-603)508943337 |w (DE-600)3160669-6 |
| 776 | 1 | |x 2957-2290 | |
| 780 | 0 | 0 | |i Vorg. |t Studia nad faszyzmem i zbrodniami hitlerowskimi |w (DE-603)047217456 |w (DE-600)188150-4 |
| 787 | 0 | 8 | |i 34,1=3466; 34,2=3503; 34,3=3504; 34,4=3505; 35,1=3506; 35,2=3522; 35,3=3523; 36,1=3607; 36,2=3625; 36,3=3634; 36,4=3648 von |a Uniwersytet Wrocławski |t Acta Universitatis Wratislaviensis |w (DE-603)048642258 |w (DE-600)1179289-9 |
| 924 | 0 | |9 Mb 50 |a (DE-603)722679955 |b DE-Mb50 |c HES |d c |g 32 VII NZ 3 |m 34 |q 2012 |x - |z 34.2012 - | |


